|
|
|
|
| LEADER |
01266nam a22003252a 4500 |
| 001 |
000065756 |
| 003 |
CZ BrMZK |
| 005 |
20130125142240.0 |
| 007 |
ta |
| 008 |
950407s1976 xr f cze d |
| 015 |
|
|
|a cnb000146458
|
| 035 |
|
|
|a (OCoLC)42090384
|
| 040 |
|
|
|a ABA001
|b cze
|c ABA001
|d ABA001
|d BOA001
|
| 080 |
9 |
|
|a 885-321.4-821
|
| 100 |
1 |
|
|a Rais, Karel Václav,
|d 1859-1926
|7 jk01101955
|4 aut
|
| 245 |
1 |
0 |
|a Horské kořeny :
|b 1885-1903 /
|c Karel V. Rais ; uspořádal, doslov a ediční poznámku napsal Jan Ort
|
| 250 |
|
|
|a 1. vyd. v tomto uspoř.
|
| 260 |
|
|
|a Hradec Králové :
|b Kruh,
|c 1976
|
| 300 |
|
|
|a 393 s. ;
|c 8°
|
| 490 |
1 |
|
|a Prostor
|
| 500 |
|
|
|a 10000 výt.
|
| 500 |
|
|
|a Dostupné též v digitální podobě v aplikaci Kramerius
|
| 700 |
1 |
|
|a Ort, Jan,
|d 1917-1984
|7 jk01091266
|4 com
|4 wfw
|
| 830 |
|
0 |
|a Prostor
|0 s
|
| 856 |
4 |
1 |
|u http://www.digitalniknihovna.cz/mzk/uuid/uuid:573f6670-363b-11e3-a5bb-005056827e52
|y Digitalizovaný dokument
|x NDK
|
| 910 |
|
|
|a BOA001
|b PK-0076.987
|b 2-0756.424
|
| 920 |
|
|
|a 000141908
|
| 990 |
|
|
|a BK
|
| 996 |
6 |
|
|b 2619952429
|c 2-0756.424
|l MZK
|r Sklad / do 1 hodiny
|n 13
|w 000065756
|u 000020
|a 1
|e BOA001
|j MZK50
|s P
|
| 996 |
7 |
|
|b 3119961463
|c PK-0076.987
|l MZK
|r Sklad / do 1 hodiny
|n 8
|w 000065756
|u 000010
|a 1
|e BOA001
|j MZK50
|s A
|